000 00755nas a2200229 4500
001 BR9203928
003 BR-BrBNA
005 20231205092652.0
007 ta
008 230509b bl.|||p| |||| 00| 00por d
040 _aBR-BrBNA
_bpor
_cBiblioteca Nacional de Agricultura
041 _a(Pt)
072 _aF70
100 1 _aJorge, L.I.F.
245 1 _aReconhecimento botanico da especie Erythrina speciosa Andr. (mulungu)
246 1 _aBotanical recognition of the species Erythrina speciosa Andr. (mulungu)
650 _aERITRINA
650 _aBOTANICA
773 0 _tRevista do Instituto Adolfo Lutz (Brazil)
_xISSN 0073-9855
_g(Jun-Dec 1990), v. 50(1-2) p. 313-317
_wBR9203928
909 _a202311
_bLúcia
_c55
_dLúcia Elande
942 _2AGRIS
_n0
_cANA
999 _c133279
_d133279